<?xml version="1.0" encoding="UTF-8"?><?xml-stylesheet type="text/xsl" href="static/style.xsl"?><OAI-PMH xmlns="http://www.openarchives.org/OAI/2.0/" xmlns:xsi="http://www.w3.org/2001/XMLSchema-instance" xsi:schemaLocation="http://www.openarchives.org/OAI/2.0/ http://www.openarchives.org/OAI/2.0/OAI-PMH.xsd"><responseDate>2026-04-14T03:15:29Z</responseDate><request verb="GetRecord" identifier="oai:www.recercat.cat:20.500.12328/4870" metadataPrefix="marc">https://recercat.cat/oai/request</request><GetRecord><record><header><identifier>oai:recercat.cat:20.500.12328/4870</identifier><datestamp>2025-05-16T12:54:33Z</datestamp><setSpec>com_2072_67741</setSpec><setSpec>col_2072_484352</setSpec></header><metadata><record xmlns="http://www.loc.gov/MARC21/slim" xmlns:dcterms="http://purl.org/dc/terms/" xmlns:xsi="http://www.w3.org/2001/XMLSchema-instance" xmlns:doc="http://www.lyncode.com/xoai" xsi:schemaLocation="http://www.loc.gov/MARC21/slim http://www.loc.gov/standards/marcxml/schema/MARC21slim.xsd">
   <leader>00925njm 22002777a 4500</leader>
   <datafield ind2=" " ind1=" " tag="042">
      <subfield code="a">dc</subfield>
   </datafield>
   <datafield ind2=" " ind1=" " tag="720">
      <subfield code="a">MARTA, CRISPÍ</subfield>
      <subfield code="e">author</subfield>
   </datafield>
   <datafield ind2=" " ind1=" " tag="260">
      <subfield code="c">2024</subfield>
   </datafield>
   <datafield ind2=" " ind1=" " tag="520">
      <subfield code="a">Choirs in female monastic and convent communities are spaces whose complexity has been highlighted because of their multipurpose and multifunctional nature. Although they are within the community’s private sphere of prayer of the divine office, it has also been noted that they play a liturgical role as the space from which the nuns ‘hear’ and follow the celebrations taking place in the church and even in the choral altars. The devotional–liturgical binomial is joined by other contrasting terms, like esglesia dintra–sgleya de fora, indicating a duality, as follows: the claustration (as an enclosed, internal and private space of the nuns) and the external church accessible to priests and laypeople, as well as private devotion versus community devotion. The Poor Clares of the monastery of Sant Antoni i Santa Clara actually mentioned the choir altar as nostro altar, underscoring the close bonds that joined them to a liturgical table in this private space, as opposed to those of the esglesia defora. The objective of this article is to study the choirs of three female monasteries in Barcelona during the fourteenth and fifteenth centuries—Sant Pere de les Puel·les (Benedictines), Sant Antoni i Santa Clara and Santa Maria de Pedralbes (both Clarissan)—from a holistic standpoint, including spaces, functions, goods, furnishings and decorations.</subfield>
   </datafield>
   <datafield ind1="8" ind2=" " tag="024">
      <subfield code="a">Crispí, Marta. Liturgical spaces and devotional spaces: analysis of the choirs of three catalan nuns’ monasteries during the fourteenth and fifteenth centuries. Arts 2024, 13(4), 112. Disponible en: &lt;https://www.mdpi.com/2076-0752/13/4/112>. Fecha de acceso: 14 may. 2025. DOI: 10.3390/arts13040112</subfield>
   </datafield>
   <datafield ind1="8" ind2=" " tag="024">
      <subfield code="a">2076-0752</subfield>
   </datafield>
   <datafield ind1="8" ind2=" " tag="024">
      <subfield code="a">http://hdl.handle.net/20.500.12328/4870</subfield>
   </datafield>
   <datafield ind1="8" ind2=" " tag="024">
      <subfield code="a">https://dx.doi.org/10.3390/arts13040112</subfield>
   </datafield>
   <datafield tag="653" ind2=" " ind1=" ">
      <subfield code="a">Monestirs de monges</subfield>
   </datafield>
   <datafield tag="653" ind2=" " ind1=" ">
      <subfield code="a">Cors monàstics</subfield>
   </datafield>
   <datafield tag="653" ind2=" " ind1=" ">
      <subfield code="a">Espais litúrgics</subfield>
   </datafield>
   <datafield tag="653" ind2=" " ind1=" ">
      <subfield code="a">Espais devocionals</subfield>
   </datafield>
   <datafield tag="653" ind2=" " ind1=" ">
      <subfield code="a">Monasterios de monjas</subfield>
   </datafield>
   <datafield tag="653" ind2=" " ind1=" ">
      <subfield code="a">Coros monásticos</subfield>
   </datafield>
   <datafield tag="653" ind2=" " ind1=" ">
      <subfield code="a">Espacios litúrgicos</subfield>
   </datafield>
   <datafield tag="653" ind2=" " ind1=" ">
      <subfield code="a">Espacios devocionales</subfield>
   </datafield>
   <datafield tag="653" ind2=" " ind1=" ">
      <subfield code="a">Nun’s monasteries</subfield>
   </datafield>
   <datafield tag="653" ind2=" " ind1=" ">
      <subfield code="a">Monastic choirs</subfield>
   </datafield>
   <datafield tag="653" ind2=" " ind1=" ">
      <subfield code="a">Liturgical spaces</subfield>
   </datafield>
   <datafield tag="653" ind2=" " ind1=" ">
      <subfield code="a">Devotional spaces</subfield>
   </datafield>
   <datafield ind2="0" ind1="0" tag="245">
      <subfield code="a">Liturgical spaces and devotional spaces: analysis of the choirs of three catalan nuns’ monasteries during the fourteenth and fifteenth centuries</subfield>
   </datafield>
</record></metadata></record></GetRecord></OAI-PMH>